000 00447nam a2200181Ia 4500
001 22743
005 20260414150851.0
008 260414t2005||||xx |||||||||||||| ||spa||
041 _aESP
082 _a621.398
_bB37
100 _aBejtlich, Richard
_eAUT
245 0 _aEl tao de la motorización de seguridad en redes
_b
260 _c2005
300 _a760 pƔginas :
_c24 cm.
650 _aTCA
654 _aCET
942 _cLIB
_dJUS
_fJUS
_2ddc
_n
999 _c22743
_d22743